000 00745nas a2200241 4500
001 BR0900052
003 BR-BrBNA
005 20231205112952.0
007 ta
008 230509b bl.|||p| |||| 00| 00por d
040 _aBR-BrBNA
_bpor
_cBiblioteca Nacional de Agricultura
041 _a(Pt)
072 _aP10
100 1 _aAglio Sobrinho, M.D.
100 1 _aRoggeri Júnior, H.C.
100 1 _aGebara, G.
245 1 _aPerdas de cargas em reatores aeróbios de leito fluidizado com circulação.
650 _aREATOR
650 _aCARGA
773 0 _tRevista Brasileira de Recursos Hídricos (Brazil)
_xISSN 1414-381X
_g(Oct-Dec 2006), v. 11(4) p. 77-88
_wBR0900052
909 _a202311
_bLúcia
_c55
_dLúcia Elande
942 _2AGRIS
_n0
_cANA
999 _c201087
_d201087